000 00619nam a2200241 a 4500
001 nice12345678
003 IN_TiNIC
005 20260116011811.0
008 050524s1897 qada grp 000 0 urd
020 _a
_c100
082 0 0 _a297.86
_bAHM8
100 _aAhmad, Mirza Ghulam
245 _aAnjam-E-Athim
260 _aQadian
_bMatbua Ziaul Islam
_c1897
300 _a332p.
500 _aincludes index and biblioraphy
505 2 _a2.khuda ka faisla, 3.dawat qaum,4.maktub arabi banam ulema.
650 _aAhmadiyyah
700 1 _aAhmad, Mirza Ghulam
902 _bSRS
942 _cBK
999 _c4063
_d4063